00292nam a2200121Ia 4500008004100000041000900041082001800050100002000068245002800088260003800116300000800154650000800162230718s9999 xx 000 0 und d aEng. a346.02bBUR-A aBurrows Andrew  2aA case book on contact  aPakistanbManzoor Law HOUSEc2010 a822 aLaw